00346 2200145 4500001002100000005001500021035002000036245005900056100002100115300001200136260001800148082000800166084001400174990001200188INLIS00000000000202820250527085935 a0010-05250003201 aPengajaran Yang Kreatif Dan Menarik /cLouanne Jhonson0 aLouanne Jhoonson a432 hlm bIndeks,c2009 a370 a370 LOU p a0713280